AQUINAS. N. I-III. ANNO IV. 1961. EPHEMERIDES THOMISTICAE. (Record n. 319610)
[ formato base ]
| 000 -LEADER | |
|---|---|
| fixed length control field | 02090nas a2200277Ia 4500 |
| 001 - CONTROL NUMBER | |
| control field | R100-R1535 |
| 003 - CONTROL NUMBER IDENTIFIER | |
| control field | IT-CnALBA |
| 008 - FIXED-LENGTH DATA ELEMENTS--GENERAL INFORMATION | |
| fixed length control field | 170116c99999999xx |||||||||||| ||und|| |
| 040 ## - CATALOGING SOURCE | |
| Original cataloging agency | IT-CnALBA |
| Transcribing agency | IT-CnALBA |
| 041 ## - LANGUAGE CODE | |
| Language code of text/sound track or separate title | POLIGLOTTA |
| 999 ## - SYSTEM CONTROL NUMBERS (KOHA) | |
| Koha Dewey Subclass [OBSOLETE] | NO |
| 100 ## - MAIN ENTRY--PERSONAL NAME | |
| Personal name | JOLIVET REGIS |
| 210 ## - ABBREVIATED TITLE | |
| Abbreviated title | AQUINAS |
| 222 ## - KEY TITLE | |
| Key title | AQUINAS |
| 245 #0 - TITLE STATEMENT | |
| Title | AQUINAS. N. I-III. ANNO IV. 1961. EPHEMERIDES THOMISTICAE. |
| 250 ## - EDITION STATEMENT | |
| Edition statement | 1a ed. |
| 260 ## - PUBLICATION, DISTRIBUTION, ETC. (IMPRINT) | |
| Place of publication, distribution, etc. | ROMA |
| Name of publisher, distributor, etc. | LATERANENSE PONTIFICIA UNIVERSITÀ ROMA' |
| Date of publication, distribution, etc. | 1961 |
| 300 ## - PHYSICAL DESCRIPTION | |
| Extent | 388 p. |
| 310 ## - CURRENT PUBLICATION FREQUENCY | |
| Current publication frequency | QUADRIMESTRALE |
| 362 ## - DATES OF PUBLICATION AND/OR SEQUENTIAL DESIGNATION | |
| Dates of publication and/or sequential designation | Fascicolo: 1-3 / Anno: 4 (1961) |
| 500 ## - GENERAL NOTE | |
| General note | TEMPO QUANTITA' ANIMA NEL PENSIERO ARISTOTELICO TOMISTICO. S. TOMMASO E LA METAFISICA DEL VIVENTE. PROBLEMA DELLA DEMITIZZAZIONE. PROVE DI DIO E SAPERE SCIENTIFICO. IMPLICAZIONI MORALI DELLA PRODUZIONE IN VITRO DELLA VITA UMANA. LEGGE ETERNA COME FONDAMENTO ULTIMO DEL DIRITTO SECONDO S. TOMMASO. LEICITA' DELLA RESISTENZA ALLA LEGGE INGIUSTA. PARTECIPAZIONE E CAUSALITA'. LIBRO SULLA CONOSCENZA DI DIO. CARATTERE PEDAGOGICO MISTICO DELLA FILOSOFIA DI S. BONAVENTURA. BIBLIOGRAFIA. NOTE DI CULTURA FILOSOFICA. RECENSIONI. STAFFA D. BORDONI M. BRENTON S. PEREGO A. PIZZORNI R. M. BLANCHARD P. FARIAS D. NIGRO C. INDICE GENERALE DEL VOLUME. |
| 501 ## - WITH NOTE | |
| With note | Società San Paolo EM - Piazza San Paolo, 14 - 12051 ALBA (CN) (non commercial uses only) ® Copyright 2017 |
| 520 ## - SUMMARY, ETC. | |
| Summary, etc. | TEMPO QUANTITA' ANIMA NEL PENSIERO ARISTOTELICO TOMISTICO. S. TOMMASO E LA METAFISICA DEL VIVENTE. PROBLEMA DELLA DEMITIZZAZIONE. PROVE DI DIO E SAPERE SCIENTIFICO. IMPLICAZIONI MORALI DELLA PRODUZIONE IN VITRO DELLA VITA UMANA. LEGGE ETERNA COME FONDAMENTO ULTIMO DEL DIRITTO SECONDO S. TOMMASO. LEICITA' DELLA RESISTENZA ALLA LEGGE INGIUSTA. PARTECIPAZIONE E CAUSALITA'. LIBRO SULLA CONOSCENZA DI DIO. CARATTERE PEDAGOGICO MISTICO DELLA FILOSOFIA DI S. BONAVENTURA. BIBLIOGRAFIA. NOTE DI CULTURA FILOSOFICA. RECENSIONI. STAFFA D. BORDONI M. BRENTON S. PEREGO A. PIZZORNI R. M. BLANCHARD P. FARIAS D. NIGRO C. INDICE GENERALE DEL VOLUME. |
| 650 ## - SUBJECT ADDED ENTRY--TOPICAL TERM | |
| Topical term or geographic name as entry element | FILOSOFIA E DISCIPLINE COLLEGATE |
| 942 ## - ADDED ENTRY ELEMENTS (KOHA) | |
| Koha item type | RIVISTA |
| 957 ## - | |
| -- | 1 |
| 999 ## - SYSTEM CONTROL NUMBERS (KOHA) | |
| -- | 1 |
| Withdrawn status | Lost status | Damaged status | Not for loan | Home library | Current library | Date acquired | Total Checkouts | Full call number | Date last seen | Price effective from | Koha item type | Public note |
|---|---|---|---|---|---|---|---|---|---|---|---|---|
| Buone Condizioni | Not For Loan | ALBA - Biblioteca | ALBA - Biblioteca | 16/01/2017 | R100-R1535 | 16/01/2017 | 16/01/2017 | RIVISTA | (data import: 16 gennaio 2017) - By Epidotti, Vaglietti. |